000 00584cam a22002053a 4500
001 39278
003 PGUSA
005 20140828083855.0
008 120327s2012||||xxu|||||s|||||000 | eng d
040 _aPGUSA
_beng
042 _adc
245 1 4 _aThe Portland Sketch Book
_h[electronic resource] /
_cVarious
260 _bProject Gutenberg,
_c2012
506 _aPublic domain in the USA.
516 _aElectronic text
700 1 _aStephens, Ann S.
_q(Ann Sophia),
_d1810-1886
830 0 _aProject Gutenberg
_v39278
856 4 0 _uhttp://www.gutenberg.org/ebooks/39278
942 _cEB
999 _c268531
_d268531